History Quiz

Random History or Biography Quiz

Historical Tweets Quiz Stats

 Plays Quiz Updated Feb 19, 2018

Challenge
Share
Tweet
Embed
Score 0/19 Timer 10:00
0 Plays Today
Tweet Tweeter % Correct
Anyone got a more creative way of saying “87 years?”Abraham Lincoln
81.3%
I <3 pepsi-cola. can’t drink enough. if i could, i’d be the king of pop.Michael Jackson
81%
@BuzzA headed to the set… i mean moon. LOL. You been practicing slow motion “no gravity” walk?Neil Armstrong
80.1%
@Clark have u seen this? http://maps.google.com ugh. last six months, wasted.Meriwether Lewis
75.7%
Dentist delivered the bad news: Termites. FMLGeorge Washington
74.8%
Why did everyone write so small? Now I look like a jerk.John Hancock
73.3%
A bunch of back-stabbing Senators hanging out on the steps. Makes me nervous.Julius Caesar
72.1%
Serious artist’s block today. Luckily, I found inspiration at danbrown.com.Leonardo Da Vinci
67.3%
@God OMY! I just saw a naked girl!Adam
67.2%
@ross_perot u are killing me. if u don’t stop, the Arkansas hill-bill-y will win this thang.George H. W. Bush
66.7%
Tweet Tweeter % Correct
@sitting_bull I warn in advance, this battle will make me famous.Gen. George Armstrong Custer
59.8%
Toilet salesman says, “so comfortable, you’ll think you died and gone to heaven.”Elvis Presley
55.2%
Accomplishments just earned me title “The Good.” Must work harder.Alexander The Great
49%
@Watson Come here. I need you to see my new iPhone apps.Alexander Graham Bell
41.4%
Bought a sleep journal. I keep having dreams but forget to write them down.Martin Luther King Jr.
40.7%
Really loving my new character’s look. Can’t foresee toothbrush mustaches ever going out of style.Charlie Chaplin
40%
OMG, this judge is such a Neanderthal.John Scopes
28%
Watched an episode of #thesurreallife. Wasn’t exactly what I was expecting but I got hooked. @FlavorFlav: Nice clock!Salvador Dalí
26.3%
@DeQuille If I had more time, I would have written a shorter tweet.Mark Twain
8.8%

You're not logged in!

Compare scores with friends on all Sporcle quizzes.
OR
Log In

You Might Also Like...

Show Comments

Extras

Top Quizzes Today


Score Distribution

Your Account Isn't Verified!

In order to create a playlist on Sporcle, you need to verify the email address you used during registration. Go to your Sporcle Settings to finish the process.

Report this User

Report this user for behavior that violates our Community Guidelines.

Details: